| 000 | 00892nas a2200313 4500 | ||
|---|---|---|---|
| 001 | BR2011004197 | ||
| 003 | BR-BrBNA | ||
| 005 | 20231205115506.0 | ||
| 007 | ta | ||
| 008 | 230509b bl.|||p| |||| 00| 00por d | ||
| 040 |
_aBR-BrBNA _bpor _cBiblioteca Nacional de Agricultura |
||
| 041 | _a(Pt) | ||
| 072 | _aF04; F02 | ||
| 100 | 1 | _aFerreira, E.A. | |
| 100 | 1 | _aMendonça, V. | |
| 100 | 1 | _aSouza, H.A. de | |
| 100 | 1 | _aRamos, J.D. | |
| 245 | 1 | _aAdubação fosfatada e potássica na formação de mudas de tamarindeiro | |
| 650 | _aTAMARINDO | ||
| 650 | _aFRUTA TROPICAL | ||
| 650 | _aADUBAÇÃO | ||
| 650 | _aFÓSFORO | ||
| 650 | _aPOTÁSSIO | ||
| 650 | _aMUDA | ||
| 650 | _aPROPAGAÇÃO VEGETATIVA | ||
| 773 | 0 |
_tScientia Agrária (Brazil) _xISSN 1519-1125 _g(2008), v. 9(4) p. 475-480 _wBR2011004197 |
|
| 909 |
_a202311 _bLúcia _c55 _dLúcia Elande |
||
| 942 |
_2AGRIS _n0 _cANA |
||
| 999 |
_c214086 _d214086 |
||